000 01069cam a22003014a 4500
001 149058
003 NUST - PNEC
005 20170116180851.0
008 980320s2000 enka b 000 0 eng
010 _a 98085023
020 _a1853126284
040 _aDLC
_cLIBRARY
_dDLC
042 _apcc
050 0 0 _aTA660.P6
_bR367 2000
082 0 0 _a624.17765 RAS
100 1 _aRashed, Youssef F.
245 1 0 _aBoundary element formulations for thick plates /
_cYoussef F. Rashed.
260 _aSouthampton ;
_aBoston :
_bWIT Press,
_cc2000.
300 _a164 p. :
_bill. ;
_c25 cm.
440 0 _aTopics in engineering,
_x0952-5300 ;
_vv. 35
504 _aIncludes bibliographical references (p. [143]-153).
650 0 _aPlates (Engineering)
_xMathematical models.
_xME
650 0 _aElastic plates and shells
_xMathematical models.
650 0 _aBoundary element methods.
906 _a7
_bcbc
_corignew
_d2
_eopcn
_f19
_gy-gencatlg
942 _2ddc
_cBK
999 _c64626
_d64626